000 00367nam a2200145Ia 4500
005 20250324130409.0
008 240331s9999 xx 000 0 und d
082 _bRAN
_a894
100 _aRanji
245 0 _aMai
_bKavithai Thokuppu
260 _aCoimbatore
_bVidiyal Pathippagam
_c2007
300 _a127 p .,
500 _aCollection of Poems by 35 poets
942 _cL
999 _c5643
_d5643